Complete the Card - WWE WrestleMania 36 - Statistics

General Stats
  • This quiz has been taken 1,797 times
  • The average score is 30 of 44
Answer Stats
Answer % Correct
The Undertaker
98%
AJ Styles
97%
Bray Wyatt
95%
Brock Lesnar
95%
John Cena
94%
Charlotte Flair
92%
Drew McIntyre
92%
Braun Strowman
89%
Goldberg
87%
Seth Rollins
87%
Becky Lynch
86%
Jimmy Uso
86%
Rhea Ripley
86%
Randy Orton
84%
Sasha Banks
83%
Bayley
81%
Kofi Kingston
81%
Edge
80%
Kevin Owens
80%
Asuka
77%
Alexa Bliss
75%
Sami Zayn
75%
John Morrison
69%
Nikki Cross
65%
Daniel Bryan
63%
Kairi Sane
63%
Shayna Baszler
61%
Naomi
60%
Cesaro
59%
Bobby Lashley
56%
Montez Ford
54%
Angelo Dawkins
53%
Tamina Snuka
51%
Dolph Ziggler
50%
Natalya
48%
King Corbin
42%
Otis
42%
Aleister Black
40%
Lacey Evans
40%
Liv Morgan
40%
Austin Theory
39%
Angel Garza
38%
Drew Gulak
33%
Elias
33%
No matching quizzes found
Score Distribution
Percent of People with Each Score
Percentile by Number Answered
Your Score History
You have not taken this quiz